[Event "Troll Masters"]
[Site "Gausdal"]
[Date "1991.??.??"]
[Round "3"]
[White "Fossan, Erik"]
[Black "Jansa, Vlastimil"]
[Result "1/2-1/2"]
[WhiteElo "2280"]
[BlackElo "2495"]

1.e4 d6 2.d4 Nf6 3.Nc3 c6 4.Be2 Nbd7 5.f4 e5 6.Nf3 exd4 7.Nxd4 g6 8.O-O Bg7
9.Nb3 Qc7 10.Be3 O-O 11.a4 Re8 12.Qd3 a5 13.Rad1 b6 14.Rfe1 Bf8 15.Bf3 Ba6
16.Qd4 Rad8 17.Bf2 Be7 18.e5 dxe5 19.fxe5 Nh5 20.Qe4 Bb7 21.Bxh5 gxh5 22.Qf5 Nf8
23.Rxd8 Rxd8 24.Ne4 c5 25.Qxh5 Ng6 26.Ng5 Bxg5 27.Qxg5 Re8 28.Nd2 Qd7 29.h4 Qxa4
30.c4 Qd7 31.h5 h6 32.Qg3 Qxd2 33.hxg6 Qg5 34.gxf7+ Kxf7 35.Qxg5 hxg5 36.Kh2 Rd8
37.e6+ Ke7 38.Be3 Rg8 39.Kg3 Kxe6 40.Bxc5+ Kf5 41.Bxb6 a4 42.Bd4 Rd8 43.Re5+ Kg6
44.Be3 Rd3 45.Kf2 g4 46.Rg5+ Kf6 47.Rxg4 Rb3 48.Bc1 Kf5 49.Rh4 Ke5 50.c5 Bc6
51.Rh3 Rb5 52.g4 Kd5 53.Rd3+ Kxc5 54.g5 Be4 55.Re3 Kd5 56.Rg3  1/2-1/2

[Event "Gausdal Int"]
[Site "Gausdal"]
[Date "1991.??.??"]
[Round "4"]
[White "Djurhuus, Rune"]
[Black "Bologan, Viktor"]
[Result "1-0"]
[WhiteElo "2410"]
[BlackElo "2535"]

1.d4 d6 2.e4 Nf6 3.Nc3 c6 4.f4 g6 5.Nf3 Bg7 6.a4 O-O 7.Bd3 Na6 8.O-O c5 9.d5 Nb4
10.Bc4 e6 11.dxe6 Bxe6 12.Bxe6 fxe6 13.Qe2 d5 14.Rd1 Qb6 15.Kh1 Rad8 16.e5 Ng4
17.Nb5 d4 18.Ng5 h6 19.Ne4 h5 20.h3 Nh6 21.Nbd6 Nf7 22.Nxf7 Rxf7 23.Nd6 Rxd6
24.exd6 Qxd6 25.c3 Nd5 26.cxd4 cxd4 27.Re1 Rf6 28.Qe4 Nxf4 29.Bxf4 Qxf4 30.Qxf4 Rxf4
31.Rxe6 Rf2 32.Rxg6 Rxb2 33.Rg5 d3 34.Rd1 d2 35.Kg1 Ra2 36.a5 h4 37.Kf1 b6
38.axb6 axb6 39.Rg4 b5 40.Ke2 b4 41.Rxb4 Bc3 42.Rxh4 Ra7 43.Rg4+ Kh7 44.Rg3 Bb4
45.Rxd2 Bxd2 46.Kxd2 Ra2+ 47.Ke1  1-0

[Event "Troll Masters"]
[Site "Gausdal"]
[Date "1991.??.??"]
[Round "5"]
[White "Brunner, Lucas"]
[Black "Jansa, Vlastimil"]
[Result "1/2-1/2"]
[WhiteElo "2460"]
[BlackElo "2495"]

1.e4 d6 2.d4 Nf6 3.Nc3 c6 4.Nf3 Bg4 5.h3 Bh5 6.g4 Bg6 7.Qe2 Na6 8.h4 h5 9.g5 Nd7
10.Bh3 e6 11.Be3 d5 12.a3 Be7 13.Nd2 O-O 14.f4 dxe4 15.Ndxe4 Nc7 16.Ng3 Re8
17.Nxh5 Nd5 18.Nxd5 exd5 19.Ng3 Bd6 20.O-O Bxc2 21.Nf5 Bxf5 22.Bxf5 g6 23.Bd3 Nf8
24.Rae1 Qd7 25.Qf3 Bc7 26.Re2 Re7 27.f5 Rae8 28.Rfe1 a5 29.Kf1 a4 30.Bd2 Rxe2
31.Rxe2 Rxe2 32.Kxe2 Qd6 33.Bb4 Qh2+ 34.Qf2 Qxf2+ 35.Kxf2 Bf4 36.Bc3 Kg7
37.Kf3 Bc1 38.Kg4 Nd7 39.h5 gxh5+ 40.Kxh5 f6 41.g6 Nb6 42.Kg4 Nc8 43.Bc2 Nd6
44.Bd3 Nc8  1/2-1/2

[Event "Gausdal Int"]
[Site "Gausdal"]
[Date "1991.??.??"]
[Round "6"]
[White "Conquest, Stuart"]
[Black "Bologan, Viktor"]
[Result "1-0"]
[WhiteElo "2465"]
[BlackElo "2535"]

1.e4 d6 2.d4 Nf6 3.Nc3 e5 4.Nf3 Nbd7 5.Be2 g6 6.O-O Bg7 7.dxe5 dxe5 8.b3 O-O
9.Ba3 Re8 10.Bc4 h6 11.Qc1 c6 12.Bd3 Nf8 13.Bb2 N6d7 14.a4 Ne6 15.Ne2 b6
16.Rd1 Qc7 17.Ra2 Bb7 18.Qa1 Rad8 19.h3 c5 20.Nd2 Nd4 21.Ng3 h5 22.Qb1 Nf8
23.Bc4 a6 24.Ngf1 Nfe6 25.c3 b5 26.axb5 Nxb5 27.Ne3 Nf4 28.Bf1 Rd7 29.g3 Red8
30.Ba1 Ne6 31.Nd5 Bxd5 32.exd5 Rxd5 33.c4 Rxd2 34.Rdxd2 Nbd4 35.Bg2 h4 36.g4 Nf4
37.Qe4 Qb6 38.Qb7 Qxb7 39.Bxb7 Rb8 40.Bg2 Rxb3 41.Rdb2 Nxh3+ 42.Kh2 Rxb2
43.Bxb2 Nf4 44.Be4 f5 45.gxf5 gxf5 46.Bd5+ Kh7 47.Rxa6 e4 48.Ra7 Kg6 49.Bf7+ Kg5
50.Bc1 Kg4 51.Be3 Be5 52.Kh1 Nd3 53.Bd5 Kf3 54.Kg1 f4 55.Ra3 Ne2+ 56.Kf1 Nc3
57.Bd2 Nxd5 58.cxd5 h3 59.Ra7 Nxf2 60.Re7 e3 61.Bxe3 fxe3 62.Rxe5 h2 63.Rf5+ Ke4
64.Rh5 h1=Q+ 65.Rxh1 Nxh1 66.d6 Ng3+ 67.Ke1 Nf5 68.d7 Nd4 69.d8=Q Kd3 70.Qd6 Kc4
71.Qa6+ Kb4 72.Kd1 e2+ 73.Kd2 Kb3 74.Qd3+ Kb4 75.Qc3+ Kb5 76.Kd3  1-0

[Event "Troll Masters"]
[Site "Gausdal"]
[Date "1991.??.??"]
[Round "8"]
[White "Inkiov, Ventzislav"]
[Black "Martin, Andrew D"]
[Result "1/2-1/2"]
[WhiteElo "2475"]
[BlackElo "2430"]

1.e4 d6 2.d4 Nf6 3.Nc3 Nbd7 4.f4 e5 5.Nf3 exd4 6.Qxd4 Nc5 7.f5 Qe7 8.Bd3 Bxf5
9.O-O Be6 10.Bg5 Qd8 11.Nd5 Bxd5 12.exd5 Nxd3 13.cxd3 Be7 14.Nh4 h6 15.Nf5 hxg5
16.Rae1 Rh4 17.Qc3 Nxd5 18.Qxg7 Rf4 19.Rxf4 gxf4 20.Qd4 c6 21.Rxe7+ Nxe7
22.Nxd6+ Kf8 23.Qf6 Kg8 24.Qxf7+ Kh8 25.Qh5+  1/2-1/2

[Event "Troll Masters"]
[Site "Gausdal"]
[Date "1991.??.??"]
[Round "9"]
[White "Ernst, Thomas"]
[Black "Jansa, Vlastimil"]
[Result "1/2-1/2"]
[WhiteElo "2500"]
[BlackElo "2495"]

1.e4 d6 2.d4 Nf6 3.Nc3 c6 4.f4 Qa5 5.Bd3 e5 6.Nf3 Bg4 7.Be3 exd4 8.Bxd4 Qb4
9.a3 Qxd4 10.Nxd4 Bxd1 11.Rxd1 g6 12.Bc4  1/2-1/2

[Event "Gelsenkirchen"]
[Site "Gelsenkirchen"]
[Date "1991.??.??"]
[Round "?"]
[White "Balster, Stefan"]
[Black "Costa, Jean Luc"]
[Result "1-0"]
[WhiteElo "2200"]
[BlackElo "2405"]

1.e4 d6 2.d4 Nf6 3.Nc3 e5 4.Nf3 Nbd7 5.Bc4 Be7 6.O-O c6 7.a4 O-O 8.h3 a5
9.Be3 Nb6 10.Ba2 Nfd7 11.Qe2 Qc7 12.Rad1 exd4 13.Bxd4 Nc5 14.e5 d5 15.Qe3 Nbd7
16.Ne1 Ne6 17.Nd3 Re8 18.f4 c5 19.Nxd5 cxd4 20.Qg3 Qd8 21.f5 Bh4 22.Qg4 Nef8
23.Qxd4 Bg3 24.e6 fxe6 25.f6 gxf6 26.Rf3 Bb8 27.Qg4+ Kh8 28.N5f4 Bxf4 29.Nxf4 Qb6+
30.Kh1 f5 31.Qh5 Nf6 32.Qf7 Rd8 33.Qxf6+  1-0

[Event "GER CupT"]
[Site "GER"]
[Date "1991.??.??"]
[Round "?"]
[White "Okrajek, Alexander"]
[Black "Hesse, Peter"]
[Result "0-1"]
[WhiteElo "2240"]
[BlackElo "2360"]

1.e4 d6 2.d4 Nf6 3.Nc3 e5 4.dxe5 dxe5 5.Qxd8+ Kxd8 6.Bc4 Bb4 7.Bd2 Ke7 8.Nf3 Nbd7
9.Nd5+ Nxd5 10.Bxd5 Bxd2+ 11.Kxd2 f6 12.Ke3 Nb6 13.Rhd1 a5 14.a4 Rd8 15.Bb3 Rxd1
16.Rxd1 Bd7 17.Ra1 Rd8 18.Nd2 Bc6 19.c3 g6 20.Bc2 Bd7 21.f3 Be6 22.Bd3 f5
23.g3 f4+ 24.gxf4 exf4+ 25.Ke2 Nd7 26.Bc2 Ne5 27.h4 h6 28.Nb3 Bc4+  0-1

[Event "GER CupT"]
[Site "GER"]
[Date "1991.??.??"]
[Round "?"]
[White "Mueller, Klaus Uwe"]
[Black "Mirschinka, Dirk"]
[Result "1-0"]
[WhiteElo "2345"]
[BlackElo "2260"]

1.e4 d6 2.d4 Nf6 3.Nc3 e5 4.Nf3 Nbd7 5.Bc4 Be7 6.O-O O-O 7.h3 c6 8.a4 b6
9.Re1 Bb7 10.d5 Qc7 11.Bg5 Rac8 12.dxc6 Bxc6 13.Ba6 Rcd8 14.Bb5 Rc8 15.Qe2 Bb7
16.Rad1 Nc5 17.Bxf6 Bxf6 18.Nd5 Qd8 19.b3 Ne6 20.g3 Nc7 21.Bc4 g6 22.Rd2 Bg7
23.Red1 Ne6 24.c3 Nc5 25.Nh4 Bh6 26.Ra2 Kh8 27.f3 Qg5 28.Kh2 f5 29.Ng2 fxe4
30.fxe4 Bxd5 31.Bxd5 Qf6 32.Ne3 Qf3 33.Ng4 Bg7 34.Qxf3 Rxf3 35.b4 Nd3 36.Kg2 Rxc3
37.Kxf3 Nb2+ 38.Ke2 Nxd1 39.Kxd1 Rxg3 40.Rc2 h5 41.Nf2 Bh6 42.Rc8+ Kg7 43.Rc7+ Kf6
44.Rxa7 Be3 45.Ke2 Bd4 46.Rf7+ Kg5 47.Rf3 Rg1 48.Nd1 Kh4 49.a5 bxa5 50.bxa5 g5
51.a6 g4 52.hxg4 hxg4 53.Rf7 Rg2+ 54.Ke1 Rg1+ 55.Kd2 g3 56.a7 Bxa7 57.Rxa7 g2
58.Ne3  1-0

[Event "Bundesliga 9091"]
[Site "Germany"]
[Date "1991.??.??"]
[Round "?"]
[White "Steinbacher, Matthias"]
[Black "Wahls, Matthias"]
[Result "0-1"]
[WhiteElo "2370"]
[BlackElo "2525"]

1.e4 d6 2.d4 Nf6 3.Nc3 e5 4.dxe5 dxe5 5.Qxd8+ Kxd8 6.Bc4 Bb4 7.Bd2 Ke7 8.Nf3 Nbd7
9.O-O-O Bd6 10.Bg5 Nb6 11.Bb3 a6 12.Rhe1 h6 13.Bh4 Re8 14.a4 g5 15.Bg3 Kf8
16.Rd3 Nbd7 17.Nd5 Nh5 18.Nd2 b5 19.Ba2 Nc5 20.Rc3 Ra7 21.a5 Ne6 22.Rd3 Nc5
23.Rc3 Kg7 24.Nf1 Nf4 25.Bxf4 exf4 26.Nd2 Na4 27.Rd3 Be5 28.b4 c5 29.Nf3 Bb2+
30.Kb1 c4 31.Rdd1 Bc3  0-1

[Event "Bundesliga 9091"]
[Site "Germany"]
[Date "1991.??.??"]
[Round "?"]
[White "Glek, Igor V"]
[Black "Pribyl, Josef"]
[Result "1-0"]
[WhiteElo "2540"]
[BlackElo "2425"]

1.e4 d6 2.d4 Nf6 3.Nc3 c6 4.f4 Qa5 5.Bd3 e5 6.Nf3 Bg4 7.Be3 exd4 8.Bxd4 Qb4
9.Be2 Nxe4 10.O-O d5 11.Nxe4 dxe4 12.c3 Qxb2 13.Re1 f5 14.a4 Nd7 15.Ng5 Bc5
16.Bxg4 Qxc3 17.Bxc5 Qxc5+ 18.Kh1 Nf6 19.Qb3 O-O-O 20.Rab1 Rd7 21.Bh3 Re8
22.Ne6 Qa5 23.Rec1 Qd5 24.Qxd5 Nxd5 25.Bxf5 g6 26.Bh3 Kb8 27.Nc5 Rde7 28.Bd7 Rd8
29.Rxb7+ Ka8 30.Bxc6 Rxb7 31.Nxb7 Rc8 32.Nd6+  1-0

[Event "BL2-W9091"]
[Site "Germany"]
[Date "1991.??.??"]
[Round "?"]
[White "Rosen, Willy"]
[Black "Schwarz, Michael"]
[Result "1/2-1/2"]
[WhiteElo "2260"]
[BlackElo "2315"]

1.e4 d6 2.d4 Nf6 3.Nc3 c6 4.Nf3 Bg4 5.Be2 e6 6.O-O d5 7.exd5 cxd5 8.Bf4 Nc6
9.h3 Bxf3 10.Bxf3 Bd6 11.Bxd6 Qxd6 12.Nb5 Qd7 13.a4 O-O 14.c3 a6 15.Na3 Rab8
16.Be2 Rfc8 17.Bd3 Ne7 18.Nc2 Ne8 19.Qh5 Ng6 20.f4 f5 21.Qe2 Nf6 22.Ne3 Qd6
23.g3 Ne4 24.Kg2 Ne7 25.Bxe4 fxe4 26.Ng4 Rf8 27.Ne5 Nc6 28.Rad1 b5 29.axb5 axb5
30.Ra1 Nxe5 31.fxe5 Qc6 32.Ra7 Rb7 33.Rxb7 Qxb7 34.Qg4 Rf5 35.Ra1 g6 36.h4 b4
37.Qe2 bxc3 38.bxc3 Rf7 39.h5 Rc7 40.Kh3 Rxc3 41.Qg4 Qf7 42.Ra8+ Kg7 43.hxg6 Qxg6
44.Ra7+ Kg8 45.Ra8+ Kf7 46.Ra7+ Ke8 47.Qh4 Rxg3+ 48.Qxg3 Qh5+ 49.Kg2 Qe2+
50.Qf2 Qg4+ 51.Kh2 Qh5+ 52.Kg3 Qg6+ 53.Kh4 Qh6+ 54.Kg4 Qg6+ 55.Kh3 Qh5+ 56.Kg2 Qg4+
57.Kf1 Qd1+ 58.Qe1 Qf3+ 59.Kg1 Qg4+ 60.Kh2 Qh5+ 61.Kg3 Qf3+  1/2-1/2

[Event "Bundesliga 9091"]
[Site "Germany"]
[Date "1991.??.??"]
[Round "?"]
[White "Bastian, Herbert"]
[Black "Breutigam, Martin"]
[Result "1-0"]
[WhiteElo "2335"]
[BlackElo "2330"]

1.e4 d6 2.d4 Nf6 3.Nc3 c6 4.h3 b5 5.a3 Nbd7 6.g4 h6 7.Bg2 e5 8.Nge2 Bb7 9.O-O a5
10.Ng3 b4 11.Na4 Ba6 12.Re1 g6 13.Be3 h5 14.g5 h4 15.gxf6 hxg3 16.fxg3 Qxf6
17.axb4 axb4 18.Qd2 Rb8 19.c3 bxc3 20.Nxc3 Bc4 21.Ra7 exd4 22.e5 dxe5 23.Bxd4 Bh6
24.Be3 Bxe3+ 25.Rxe3 Nc5 26.Qd4 O-O 27.Qxc4 Rxb2 28.Rf3 Qg5 29.Raxf7 Qc1+
30.Rf1  1-0

[Event "BL2-W9091"]
[Site "Germany"]
[Date "1991.??.??"]
[Round "?"]
[White "Szczepanski, Olaf"]
[Black "Ruthenberg, Helmut"]
[Result "0-1"]
[WhiteElo "2275"]
[BlackElo "2300"]

1.e4 d6 2.d4 Nf6 3.Nc3 c6 4.Bf4 Qa5 5.Bd2 Qc7 6.h3 e5 7.Nf3 b5 8.a3 a6 9.Bg5 Be7
10.Bxf6 Bxf6 11.d5 c5 12.Ne2 Nd7 13.c4 O-O 14.Ng3 g6 15.Nd2 bxc4 16.Nxc4 Nb6
17.Qc2 Bg5 18.Bd3 Bd7 19.Nxb6 Qxb6 20.h4 Bf4 21.Ne2 Bh6 22.h5 Kg7 23.Nc3 f5
24.hxg6 hxg6 25.Bc4 Bg5 26.Ke2 Rh8 27.f3 Bf4 28.Rab1 Qd8 29.Kf2 Qg5 30.Ne2 Be3+  0-1

[Event "Bundesliga 9091"]
[Site "Germany"]
[Date "1991.??.??"]
[Round "?"]
[White "Weber, Marc"]
[Black "Bezold, Michael"]
[Result "0-1"]
[WhiteElo "2330"]
[BlackElo "2335"]

1.e4 d6 2.d4 Nf6 3.Nc3 c6 4.a4 Qa5 5.Bd3 e5 6.Ne2 Be7 7.Bd2 Qc7 8.O-O O-O
9.Kh1 Bg4 10.h3 Bxe2 11.Nxe2 Nbd7 12.c3 d5 13.exd5 e4 14.d6 Bxd6 15.Bc2 Rfe8
16.b4 Nf8 17.c4 Ng6 18.c5 Bf4 19.Nxf4 Nxf4 20.Qc1 Ne2 21.Qb2 Rad8 22.Be3 Nd5
23.Rfe1 Nxe3 24.Rxe2 Nxc2 25.Rxc2 Qd7 26.Rd1 Qd5 27.Qa2 Qh5 28.Rcd2 Rd5 29.Re1 f5
30.Qb1 Qg5 31.Qc2 Red8 32.Red1 Qf6 33.b5 h6 34.bxc6 bxc6 35.Qb3 Kh7 36.Qe3 Re8
37.f4 Rb8 38.Qc3 Qd8 39.Re1 a5 40.Qe3 Rb4 41.Red1 Qb8 42.Rf1 Rb3 43.Qe2 Qb4
44.Rfd1 Qxa4 45.Kh2 Qb4 46.Qa6 Qb5 47.Qa8 a4 48.Ra2 Rd3 49.Rxd3 exd3 50.Rxa4 d2
51.Ra1 Qd3  0-1

[Event "BL2-W9091"]
[Site "Germany"]
[Date "1991.??.??"]
[Round "?"]
[White "Blaskowski, Johannes"]
[Black "Pekarek, Ales"]
[Result "0-1"]
[WhiteElo "2290"]
[BlackElo "2475"]

1.e4 d6 2.d4 Nf6 3.Nc3 c6 4.f4 Qa5 5.Qd3 e5 6.Nf3 Nbd7 7.Bd2 exd4 8.Nxd4 Nc5
9.Qe3 Qb6 10.O-O-O Be7 11.e5 Ng4 12.Qg3 dxe5 13.fxe5 Na4 14.Ndb5 Nxc3 15.Nxc3 Qf2
16.Bf4 Bh4 17.Qxf2 Nxf2 18.Bd3 Nxh1 19.Rxh1 O-O 20.Ne4 Be7 21.Re1 Be6 22.a3 Bd5
23.c4 Bxe4 24.Rxe4 Rad8 25.Kc2 f5 26.exf6 Bxf6 27.c5 Rd4 28.b4 Rxe4 29.Bxe4 Re8
30.Bf3 Be5 31.Bxe5 Rxe5 32.Kd3 Kf7 33.a4 Ke7 34.Be4 Rh5 35.h3 a5 36.Bf3 Rh4
37.b5 Rxa4 38.bxc6 bxc6 39.Bxc6 Rb4 40.Kc3 Kd8 41.Bd5 Kc7 42.Bf3 h6 43.Bd5 Rb8
44.Kd3 a4 45.Kc3 Rb5 46.Kc4 Rb2 47.Kc3 a3  0-1

[Event "NRW-Liga II 9091"]
[Site "Germany"]
[Date "1991.??.??"]
[Round "?"]
[White "Morawietz, Dieter"]
[Black "Sygulski, Artur"]
[Result "0-1"]
[WhiteElo "2300"]
[BlackElo "2360"]

1.e4 d6 2.d4 Nf6 3.Nc3 c6 4.Nf3 Bg4 5.Be2 e6 6.O-O Be7 7.h3 Bh5 8.Be3 d5
9.e5 Nfd7 10.Nh2 Bxe2 11.Nxe2 c5 12.c3 Nc6 13.f4 g6 14.Nf3 cxd4 15.cxd4 Qb6
16.Rb1 Qa6 17.Nc3 Nb6 18.Bf2 Rc8 19.Qe1 Na4 20.Bh4 Nxc3 21.bxc3 b6 22.Bf6 Bxf6
23.exf6 Qa3 24.c4 dxc4 25.Rd1 Qa5 26.d5 Qxe1 27.Rfxe1 Nd8 28.d6 O-O 29.d7 Rc7
30.Ne5 Nb7 31.a4 Rd8 32.Rc1 Na5 33.Rc3 Rc5 34.Rec1 Rxe5 35.fxe5 Rxd7 36.Rxc4 Nxc4
37.Rxc4 h5 38.Rc8+ Kh7 39.Re8 g5 40.Re7 Rd1+ 41.Kf2 Kg6 42.Rxa7 Rd5 43.Rb7 Rxe5
44.Rxb6 Re4 45.Ra6 Kxf6 46.Kf3 Rb4 47.Ra7 Rb3+ 48.Kf2 h4 49.a5 Ra3 50.a6 e5
51.Ke2 Ke6 52.Ra8 Kf5 53.Kd2 Kf4 54.a7 e4 55.Kc2 e3 56.Kd1 f6 57.Rf8 Rxa7
58.Rxf6+ Kg3 59.Rf3+ Kxg2 60.Rxe3 Ra1+ 61.Ke2 Ra2+ 62.Ke1 g4 63.Rb3 g3  0-1

[Event "BL2-SW9091"]
[Site "Germany"]
[Date "1991.??.??"]
[Round "?"]
[White "Arnold, Lothar"]
[Black "Schmidt Schaeffer, Sebastian"]
[Result "1-0"]
[WhiteElo "2310"]
[BlackElo "2270"]

1.e4 d6 2.d4 Nf6 3.Nc3 Nbd7 4.Nf3 e5 5.Bc4 Be7 6.O-O O-O 7.Qe2 c6 8.a4 b6
9.Rd1 Qe8 10.h3 Bb7 11.Ba2 a5 12.Be3 Bd8 13.dxe5 dxe5 14.Nh4 Be7 15.Nf5 g6
16.Nxe7+ Qxe7 17.Bg5 Kg7 18.Qe3 Rfd8 19.Kh1 Nc5 20.f4 Ba6 21.fxe5 Qxe5 22.Bf4 Qe7
23.Rxd8 Qxd8 24.Rd1 Qe8 25.Bh6+ Kg8 26.Qd4 Ncd7 27.Bg5 c5 28.Qd6 Nxe4 29.Nxe4 Qxe4
30.Bd5  1-0

[Event "BL2-SW9091"]
[Site "Germany"]
[Date "1991.??.??"]
[Round "?"]
[White "Balzar, Andreas"]
[Black "Schmidt Schaeffer, Sebastian"]
[Result "0-1"]
[WhiteElo "2345"]
[BlackElo "2270"]

1.e4 d6 2.d4 Nf6 3.Nc3 Nbd7 4.Nf3 e5 5.Bc4 Be7 6.O-O O-O 7.Re1 c6 8.a4 b6
9.Bg5 a6 10.Qe2 h6 11.Be3 Bb7 12.Rad1 b5 13.Bb3 b4 14.Nb1 Nxe4 15.dxe5 d5
16.c4 bxc3 17.Nxc3 Nec5 18.Bc2 Re8 19.Nd4 Nxe5 20.Qh5 Bg5 21.f4 g6 22.Qe2 Nc4
23.Qf2 Bh4 24.g3 Bf6 25.Bc1 Qd7 26.f5 g5 27.Ne6 Nxe6 28.fxe6 Rxe6 29.Rxe6 Qxe6
30.Rf1 Bd8 31.Qf3 Bb6+ 32.Kh1 Re8 33.h4 Qh3+  0-1

[Event "BL2-SW9091"]
[Site "Germany"]
[Date "1991.??.??"]
[Round "?"]
[White "Buchal, Stephan"]
[Black "Miltner, Arndt"]
[Result "1/2-1/2"]
[WhiteElo "2285"]
[BlackElo "2320"]

1.e4 d6 2.d4 Nf6 3.Nc3 Nbd7 4.f4 e5 5.Nf3 exd4 6.Qxd4 c6 7.e5 dxe5 8.fxe5 Bc5
9.Qh4 Qe7 10.Bf4 Ng4 11.Qxe7+ Kxe7 12.h3 Ne3 13.Kd2 Nxf1+ 14.Rhxf1 Rd8 15.Rae1 h6
16.Kc1 Bb4 17.Bd2 Nb6 18.a3 Bxc3 19.Bxc3 Nd5 20.Bd2 c5 21.Nh4 Be6 22.g4 Rd7
23.Nf5+ Kf8 24.h4 Rad8  1/2-1/2

[Event "BL2-SW9091"]
[Site "Germany"]
[Date "1991.??.??"]
[Round "?"]
[White "Dudek, Richard"]
[Black "Schmidt Schaeffer, Sebastian"]
[Result "1/2-1/2"]
[WhiteElo "2300"]
[BlackElo "2270"]

1.e4 d6 2.d4 Nf6 3.Nc3 Nbd7 4.Nf3 e5 5.Bc4 Be7 6.O-O O-O 7.Qe2 c6 8.a4 exd4
9.Nxd4 Re8 10.Bb3 Nc5 11.Qf3 Nxb3 12.Nxb3 Ng4 13.Bf4 Ne5 14.Bxe5 dxe5 15.Rfd1 Qc7
16.Qg3 Bd6 17.Nd2 Be6 18.Nf1 Bb4 19.Na2 Bf8 20.Qc3 Rad8 21.b3 f6 22.Ne3 Rxd1+
23.Rxd1 Rd8 24.Rxd8 Qxd8 25.Nc1 Qd4 26.Qxd4 exd4 27.Nc4 b6 28.Nd3 Kf7 29.Kf1 Ke8
30.Ke2 Kd7 31.Nf4 Bf7 32.Kd3 c5 33.Ne2 Kc6 34.f4 a6 35.g4 b5 36.axb5+ axb5
37.Nd2 Be6 38.h3 Bd6 39.Nf3 Bc8 40.e5 fxe5 41.fxe5 Be7 42.Ke4 Kd7 43.b4 g5
44.Kf5 Kc6+ 45.Ke4 Kc7 46.Nd2 Bb7+ 47.Kf5 Bc8+ 48.e6 d3 49.cxd3 cxb4 50.Ke5 Bb7
51.Nd4 Bg2 52.Nf5 Kd8 53.d4 Bxh3 54.Ne3 Kc7 55.d5 Bc5 56.Kf6 h5 57.gxh5 Bxe3
58.Ne4  1/2-1/2

[Event "BL2-SW9091"]
[Site "Germany"]
[Date "1991.??.??"]
[Round "?"]
[White "Rechel, Bernd"]
[Black "Schmidt Schaeffer, Sebastian"]
[Result "1-0"]
[WhiteElo "2350"]
[BlackElo "2270"]

1.e4 d6 2.d4 Nf6 3.Nc3 Nbd7 4.Nf3 e5 5.Be2 Be7 6.O-O O-O 7.Re1 c6 8.a4 b6
9.h3 a6 10.Bg5 Bb7 11.Bf1 Qc7 12.Nh4 g6 13.dxe5 dxe5 14.Qf3 b5 15.axb5 axb5
16.Rad1 Kg7 17.Ne2 h6 18.Bc1 Nc5 19.Ng3 Bc8 20.Qe3 Rh8 21.Nf3 Ne6 22.Qc3 Nd7
23.Be3 Bf6 24.Ra1 Bb7 25.Rxa8 Rxa8 26.Rd1 Rd8 27.Qa3 Ndf8 28.Rxd8 Qxd8 29.Qa7 Qc7
30.b3 Bc8 31.Qxc7 Nxc7 32.Bd3 Nd7 33.b4 Be7 34.c3 f6 35.Ne1 c5 36.Nc2 c4
37.Be2 h5 38.Na3 Bb7 39.f3 h4 40.Nf1 f5 41.Nd2 Nf6 42.Bg5 Nfd5 43.Bxe7 Nxe7
44.Kf2 Bc6 45.Bf1 Nc8 46.Be2 Nd6 47.Ke3 Kf6 48.Nc2 Ne6 49.Ne1 Ng5 50.exf5 Nxf5+
51.Kf2 Ne7 52.Nc2 Nd5 53.Nb1 Ne6 54.Ne3 Nxe3 55.Kxe3 Nf4 56.Kf2 Nd5 57.Bd1 Bd7
58.Bc2 Bf5 59.Be4 Bxe4 60.fxe4 Nb6 61.Na3 Kg5 62.Kf3 Nc8 63.Nxb5 Kf6 64.Kg4 Na7  1-0

[Event "Bundesliga 9091"]
[Site "Germany"]
[Date "1991.??.??"]
[Round "?"]
[White "Hjartarson, Johann"]
[Black "Ostl, Andreas"]
[Result "1/2-1/2"]
[WhiteElo "2520"]
[BlackElo "2325"]

1.e4 d6 2.d4 Nf6 3.Nc3 Nbd7 4.Nf3 e5 5.Bc4 Be7 6.O-O O-O 7.a4 c6 8.Re1 b6
9.Bg5 h6 10.Bh4 a6 11.Qe2 Bb7 12.Rad1 Qc7 13.dxe5 dxe5 14.Rxd7 Qxd7 15.Nxe5 Qc7
16.Bxf7+ Rxf7 17.Nxf7 Kxf7 18.Qc4+ Kf8 19.e5 Ne8 20.Bg3 c5 21.Nd5 Bxd5 22.Qxd5 Rd8
23.Qf3+ Kg8 24.e6 Nd6 25.Be5 Qb7 26.Qg4 Ne8 27.h3 Bf6 28.Bf4 Kh8 29.c3 Qe7
30.Qe2 Qb7 31.Qh5 Qe7 32.Qe2  1/2-1/2

[Event "Bundesliga 9091"]
[Site "Germany"]
[Date "1991.??.??"]
[Round "?"]
[White "Wolf, Volker"]
[Black "Hennings, Artur"]
[Result "0-1"]
[WhiteElo "2310"]
[BlackElo "2340"]

1.e4 d6 2.d4 Nf6 3.Nc3 e5 4.Nf3 Nbd7 5.Bc4 Be7 6.O-O O-O 7.Qe2 c6 8.a4 exd4
9.Nxd4 Re8 10.Ba2 Bf8 11.Bg5 h6 12.Bh4 d5 13.f3 Qb6 14.Qd2 Bc5 15.Rad1 Bxd4+
16.Qxd4 c5 17.Qd2 d4 18.Bxf6 Nxf6 19.Nd5 Nxd5 20.Bxd5 Be6 21.c4 a5 22.Rf2 Re7
23.Qc2 Rae8 24.g4 Qd6 25.Qd2 b6 26.Rg2 Bxd5 27.cxd5 Qf6 28.Qf2 g5 29.Qg3 Re5
30.Rc2 Kg7 31.Rd3 Rd8 32.Rb3 Rd6 33.Kg2 Qe7 34.Qf2 Rf6 35.Qe2 h5 36.h3 Rh6
37.Qd2 Qd6 38.Kg1 hxg4 39.hxg4 Re8 40.Qxg5+ Rg6 41.Qh4 Rh8 42.Qf2 Rgh6 43.Qg2 Rh3
44.e5 Qxd5 45.Rxb6 Qxe5 46.Re2 Qc7  0-1

[Event "Bundesliga 9091"]
[Site "Germany"]
[Date "1991.??.??"]
[Round "?"]
[White "Tischbierek, Raj"]
[Black "Huemmer, Bernd"]
[Result "1-0"]
[WhiteElo "2495"]
[BlackElo "2265"]

1.e4 d6 2.d4 Nf6 3.Nc3 c6 4.f3 e5 5.Be3 Be7 6.Qd2 Qa5 7.O-O-O Be6 8.Kb1 exd4
9.Bxd4 Nbd7 10.Nge2 b5 11.Nf4 Qc7 12.g4 Ne5 13.Qf2 h6 14.h4 O-O-O 15.Bxa7 Kb7
16.Bd4 Ra8 17.b3 Nfd7 18.Nfd5 cxd5 19.exd5 b4 20.Nb5 Qa5 21.a4 bxa3 22.dxe6 fxe6
23.Bc3 a2+ 24.Ka1 Qd8 25.f4 Nc6 26.Nxd6+ Kc7 27.Nb5+ Kb8 28.Bg2 Qc8 29.Rxd7 Qxd7
30.Qb6+ Qb7 31.Qxc6 Qxc6 32.Bxc6 Ra6 33.Bxg7 Rg8 34.Be5+ Kc8 35.g5 h5 36.Rd1 Rd8
37.Rxd8+ Kxd8 38.Bb7  1-0

[Event "Bundesliga 9091"]
[Site "Germany"]
[Date "1991.??.??"]
[Round "?"]
[White "Bialas, Wolfram"]
[Black "Breutigam, Martin"]
[Result "1-0"]
[WhiteElo "2360"]
[BlackElo "2330"]

1.e4 d6 2.d4 Nf6 3.Nc3 c6 4.f4 Qa5 5.Bd2 e5 6.Nf3 Bg4 7.dxe5 dxe5 8.Nd5 Qd8
9.Nxf6+ Qxf6 10.fxe5 Qg6 11.Bd3 Bc5 12.Bf4 Nd7 13.Qd2 O-O-O 14.O-O-O Qe6
15.Qc3 Qxa2 16.b4 Be7 17.Kd2 Nb6 18.Ra1 Qe6 19.Rxa7 Bxf3 20.gxf3 g5 21.Bg3 h5
22.Ke2 g4 23.f4 h4 24.Bf2 Nd7 25.f5 Qxe5 26.Bd4 Qf4 27.Rf1 Qxh2+ 28.Rf2 Qb8
29.Ba6 Bc5 30.Rxb7 Qxb7 31.Bxb7+ Kxb7 32.bxc5 Rhe8 33.Rf4 h3 34.Rxg4  1-0

[Event "Bundesliga 9091"]
[Site "Germany"]
[Date "1991.??.??"]
[Round "?"]
[White "Tomczak, Rainer"]
[Black "Wahls, Matthias"]
[Result "0-1"]
[WhiteElo "2310"]
[BlackElo "2560"]

1.e4 d6 2.d4 Nf6 3.Nc3 e5 4.Nf3 Nbd7 5.Bc4 Be7 6.O-O O-O 7.h3 c6 8.a4 a5
9.Be3 Qc7 10.dxe5 dxe5 11.Nd2 Nc5 12.Qe2 Ne6 13.Nb3 h6 14.Bxe6 Bxe6 15.Rad1 Nd7
16.Nc1 Rfc8 17.b3 Bb4 18.N3a2 Bf8 19.f4 exf4 20.Bxf4 Qb6+ 21.Be3 Bc5 22.Bxc5 Qxc5+
23.Qf2 b5 24.Rd4 Qe7 25.Nc3 b4 26.N3e2 c5 27.Rd2 c4 28.Nd4 Nc5 29.Nf5 Qf6
30.Qe3 Rc7 31.Nd6 Qe7 32.bxc4 Nxa4 33.Nb5 Rxc4 34.Nd4 Nc3 35.Nxe6 Qxe6 36.e5 a4
37.Rd6 Qe7 38.Qd3 Rc7 39.Qg3 a3 40.Rxh6 a2 41.Nd3 Ne2+  0-1

[Event "Bundesliga 9091"]
[Site "Germany"]
[Date "1991.??.??"]
[Round "?"]
[White "Nunn, John DM"]
[Black "Hausner, Ivan"]
[Result "1-0"]
[WhiteElo "2610"]
[BlackElo "2460"]

1.e4 d6 2.d4 Nf6 3.Nc3 c6 4.f4 Qa5 5.Bd2 Qb6 6.Nf3 Bg4 7.Na4 Qc7 8.h3 Bxf3
9.Qxf3 e5 10.dxe5 dxe5 11.O-O-O Nbd7 12.g4 exf4 13.Bxf4 Qa5 14.Nc3 Bb4 15.g5 Bxc3
16.bxc3 Nc5 17.gxf6 Qa3+ 18.Kd2 O-O-O+ 19.Bd3 gxf6 20.Qg4+ Rd7 21.Bd6 h5
22.Qf5 Nxe4+ 23.Bxe4 Qxd6+ 24.Kc1 Qe6 25.Rxd7 Kxd7 26.Rd1+ Kc8 27.Rd6  1-0

[Event "Bundesliga 9091"]
[Site "Germany"]
[Date "1991.??.??"]
[Round "?"]
[White "Bischoff, Klaus"]
[Black "Huemmer, Bernd"]
[Result "1-0"]
[WhiteElo "2530"]
[BlackElo "2265"]

1.d4 d6 2.e4 Nf6 3.Nc3 c6 4.a4 Nbd7 5.g3 e5 6.Nge2 Be7 7.Bg2 O-O 8.O-O Qc7
9.h3 b6 10.Be3 Bb7 11.f4 a6 12.g4 b5 13.Ng3 b4 14.Nce2 exd4 15.Nxd4 d5 16.e5 Ne8
17.Ngf5 Bc5 18.c3 bxc3 19.bxc3 Nb6 20.Kh1 Nc4 21.Bg1 Qd7 22.Rb1 Rb8 23.Re1 Bxd4
24.Qxd4 Nc7 25.Nxg7 c5 26.Nh5  1-0

[Event "Bundesliga 9091"]
[Site "Germany"]
[Date "1991.??.??"]
[Round "?"]
[White "Fahnenschmidt, Gerhard"]
[Black "Jansa, Vlastimil"]
[Result "0-1"]
[WhiteElo "2390"]
[BlackElo "2455"]

1.e4 d6 2.d4 Nf6 3.Nc3 c6 4.f4 Qa5 5.Bd2 e5 6.Nf3 exd4 7.Nxd4 Qb6 8.Nb3 a5
9.a4 Na6 10.Qf3 Nb4 11.Bd3 Be6 12.Nc1 d5 13.e5 Nd7 14.Nd1 g6 15.c3 Nxd3+
16.Nxd3 Nc5 17.Nxc5 Bxc5 18.Be3 d4 19.cxd4 Bxd4 20.O-O O-O-O 21.Qf2 Bxe3
22.Nxe3 Rd3 23.Rfe1 Rhd8 24.Rad1 Qb4 25.Rxd3 Rxd3 26.Rd1 Rxd1+ 27.Nxd1 Qxa4
28.Qd2 Qb4 29.Nc3 Qc5+ 30.Kh1 Bf5 31.h3 Qc4 32.Kh2 h5 33.Qf2 a4 34.Qd2 h4
35.Kg1 Qc5+ 36.Kh2 b5 37.Qe1 Qd4 38.Qc1 Kb7 39.Ne2 Qd3 40.Nc3 Qg3+ 41.Kh1 Qf2  0-1

[Event "Bundesliga 9091"]
[Site "Germany"]
[Date "1991.??.??"]
[Round "?"]
[White "Lorenz, Sascha"]
[Black "Pribyl, Josef"]
[Result "1-0"]
[WhiteElo "2310"]
[BlackElo "2425"]

1.e4 d6 2.d4 Nf6 3.Nc3 c6 4.f4 Qa5 5.Bd3 e5 6.Nf3 Bg4 7.Be3 exd4 8.Bxd4 Qb4
9.Be2 Nxe4 10.O-O d5 11.Nxe4 dxe4 12.c3 Qe7 13.Ne5 Bxe2 14.Qxe2 c5 15.Bf2 Nc6
16.Rad1 Qe6 17.Qb5 Rc8 18.Qxb7 Nxe5 19.fxe5 Be7 20.Bh4 e3 21.Bxe7 e2 22.Bd6 exd1=Q
23.Rxd1 Qd7 24.Qf3 c4 25.Qg3 Rg8 26.Qh4 h6 27.Rd4 Qe6 28.Qe4 g5 29.Qb7 f6
30.h3 g4 31.hxg4 fxe5 32.Bxe5 Rxg4 33.Rd6 Qf5 34.Rf6 Rg7 35.Qxg7  1-0